Ngoại cảm kỳ diệu Những khả năng bí ẩn của con người

Sách sưu tầm nhiều mẩu tin về người thật việc thật được công bố trên các báo chí và trên các phương tiện truyền tin đại chúng về những khả năng kì diệu của con người mà cho đên nay khoa học chưa giải thích được hay mới đưa ra một gia...

Cur síos iomlán

Đã lưu trong:
Sonraí Bibleagrafaíochta
Príomhúdar: Ngoại cảm kỳ diệu
Formáid: Leabhar
Teanga:Undetermined
Foilsithe: Hà Nội VHTT 1999
Ábhair:
Clibeanna: Cuir Clib Leis
Gan Chlibeanna, Bí ar an gcéad duine leis an taifead seo a chlibeáil!
Thư viện lưu trữ: Trung tâm Học liệu Trường Đại học Cần Thơ
LEADER 00958nam a2200193Ia 4500
001 CTU_37072
008 210402s9999 xx 000 0 und d
082 |a 500 
082 |b Ng404 
100 |a Ngoại cảm kỳ diệu 
245 0 |a Ngoại cảm kỳ diệu 
245 0 |b Những khả năng bí ẩn của con người 
245 0 |c Ngoại cảm kỳ diệu; Biên soạn: Hằng Nga 
260 |a Hà Nội 
260 |b VHTT 
260 |c 1999 
520 |a Sách sưu tầm nhiều mẩu tin về người thật việc thật được công bố trên các báo chí và trên các phương tiện truyền tin đại chúng về những khả năng kì diệu của con người mà cho đên nay khoa học chưa giải thích được hay mới đưa ra một giả thuyết. 
650 |a science 
980 |a Trung tâm Học liệu Trường Đại học Cần Thơ